000 00517nam a22001697a 4500
005 20251108164301.0
008 250721s1993 xx 000 0 ara d
082 1 4 _a219/محم
100 1 _aمحمود، مصطفى
245 1 0 _aمحمد صلى الله عليه و سلم :
_bمحاولة لفهم السيرة النبوية /
250 _aط9.
264 1 _aالقاهره :
_bدار المعارف،
_c1993.
300 _a93ص.
650 1 7 _aالسيرة النبوية
942 _2ddc
_cBK
999 _c8345
_d8345